Kings of Rome Quiz - Sudden Death - Statistics

General Stats
  • This quiz has been taken 24 times
  • The average score is 4 of 7
Answers on the Grid
Answers color-coded by a green-red scale on the quiz's grid according to % correct below.
Nero
Tarquinius Priscus
Augustus
Julius Caesar
Numa Pompilius
Pompeius Magnus
Marcus Brutus
Fabius Maximus
Constantine
Tarquinius Superbus
Cicero
Romulus
Mark Antony
Benito Mussolini
Ancus Marcius
Tullus Hostilius
Scipio Africanus
Hadrian
Servius Tullius
Marcus Aurelius
 
Answer Stats
Answer % Correct
Tarquinius Priscus
86%
Numa Pompilius
67%
Tarquinius Superbus
62%
Romulus
57%
Servius Tullius
57%
Tullus Hostilius
57%
Ancus Marcius
52%
No matching quizzes found
Score Distribution
Percent of People with Each Score
Percentile by Number Answered
Your Score History
You have not taken this quiz